00389nam a2200133 a 45000010010000000030011000100080041000210350026000620820016000881000023001042450055001272600056001826500017002380000-9055ELIB.Books110520 1960  a(ELIB.Books)0000-9204 a225.7 bCar aCarson, Herbert M. aTyndale (The Epistles of Paul to the Col and Phil) bGrand Rapids: Wm. B. Eerdmans Publishing Co. c1960 aCommentaries